000 00674nam a22002177a 4500
003 UA-OsUOA
001 42509
007 ta
008 20061108b un ||||| |||| 00| 0 ukr d
100 _aНиколаев П.А.
090 _a82
_bН-11
942 _cSA
040 _aUA-OsUOA
_brus
_cUA-OsUOA
_dUA-OsUOA
245 _aЛитературоведение среди научных систем, и не только гуманитарных
300 _aС.3-10
955 _a0
041 _arus
080 _a82
773 0 _w42508
_tФилологические науки
_dМ.
_d2006
_g5
650 7 _a82 Література. Літературознавство
_2UDC
999 _c328643
_d328643